000124737 001__ 124737
000124737 005__ 20230322092616.0
000124737 037__ $$aTAZ-TFG-2023-250
000124737 041__ $$aspa
000124737 1001_ $$aAzagra Rasal, Rubén
000124737 24200 $$aBehavioral biases in economics
000124737 24500 $$aSesgos de conducta en economía
000124737 260__ $$aZaragoza$$bUniversidad de Zaragoza$$c2023
000124737 506__ $$aby-nc-sa$$bCreative Commons$$c3.0$$uhttp://creativecommons.org/licenses/by-nc-sa/3.0/
000124737 520__ $$aEl presente trabajo se enmarca dentro de la llamada economía conductual o del comportamiento, área que ha despertado gran interés desde la concesión del Premio Nobel de Economía a Richard Thaler en 2017. Los economistas conductuales tratan de basar sus modelos, además de en las herramientas matemáticas tradicionales, en una caracterización más precisa del comportamiento humano. Para ello, adoptan una metodología diferente, basada en obtener evidencia empírica y a la postre formular los supuestos de partida. Como resultado, se han descubierto una serie de errores sistemáticos de los agentes en la toma de decisiones, llamados sesgos conductuales. <br />En este trabajo primero se revisan los progresos en la economía del comportamiento a través de las principales contribuciones de los economistas conductuales. A continuación, se exponen los sesgos centrándonos en los que se pueden aplicar en microeconomía. Finalmente, con el objetivo de reducir los errores del agente decisor, se razona el papel de la intervención pública mediante políticas conductuales. El trabajo se completa con la aportación de una lista de control de sesgos con la facultad de eliminar los sesgos de forma preventiva.<br /><br />
000124737 521__ $$aGraduado en Economía
000124737 540__ $$aDerechos regulados por licencia Creative Commons
000124737 700__ $$aEsteban Álvarez, M.ª Dolores$$edir.
000124737 700__ $$aPerote Peña, Juan$$edir.
000124737 7102_ $$aUniversidad de Zaragoza$$bAnálisis Económico$$cFundamentos del Análisis Económico
000124737 8560_ $$f430251@unizar.es
000124737 8564_ $$s459130$$uhttps://zaguan.unizar.es/record/124737/files/TAZ-TFG-2023-250.pdf$$yMemoria (spa)
000124737 909CO $$ooai:zaguan.unizar.es:124737$$pdriver$$ptrabajos-fin-grado
000124737 950__ $$a
000124737 951__ $$adeposita:2023-03-21
000124737 980__ $$aTAZ$$bTFG$$cECON
000124737 999__ $$a20230209133921.CREATION_DATE